00354nam a2200157Ia 4500008004100000041000800041082001200049100001500061245003300076250000600109260002500115300000900140365000700149500000700156650003300163231222s2022 xx 000 0 und d aeng a612/RAJ aV. N. Raje aHuman Anatomy and Physiology a4 bCBS Publishingc2022 a163p cRS aBV aHuman Anatomy and Physiology